| 000 | 00443nam a2200145Ia 4500 | ||
|---|---|---|---|
| 008 | 211109s9999||||xx |||||||||||||| ||und|| | ||
| 082 |
_a894.8122 _bSAD-S |
||
| 100 | _aSadanandan, S L Puram | ||
| 245 | 0 | _aS L Purathinte Natakangal | |
| 260 |
_bSAHISTHIYAPRAVARTHAKA CO-OPERATIVE SOCIETY _aKOTTAYAM _c1989 |
||
| 300 | _a1612p | ||
| 630 | _xGENERAL STACK | ||
| 650 |
_aMALAYALAM _vMALAYALAM LITERATURE _xMALAYALAM DRAMA Malayalam |
||
| 942 | _cBOOK | ||
| 999 |
_c41061 _d41061 |
||